00314nam a22001217a 4500020001900000040000900019082001500028100001800043245006500061260004400126300001200170650001000182 a97814408855690 cNUST a823.08,ROW aRowling, J.K. aHarry Potter: band the order of the phoenix /cJ.k. Rowling aUK bBloomsbury Children's Books c2014 a799 p.; aNoval